Представление документа в формате RUSMARC

ПолеНазваниеЗначение
  Тип записи a
  Библиографический уровень m
001 Контрольный номер RU/УГОНБ/EK/55234
005 Дата корректировки 20260427121902.1
010 Индекс ISBN __
a ISBN 5-86112-014-5
d Цена 10 р.
9 Тираж 100000 экз.
100 Данные общей обработки __
a Данные общей обработки 19930112d1992 u u0rusy0189 ca
101 Язык документа 1_
a Язык текста rus
c Язык оригинала ger
102 Страна публикации __
a Страна публикации RU
105 Кодированные данные (монография) __
a Кодированные данные (монография) y z 000yy
200 Заглавие и сведения об ответственности 1_
a Заглавие Герои Греции в войне и мире
e Сведения, относящиеся к заглавию история Греции в биографиях Г. В. Штолля
e Сведения, относящиеся к заглавию перевод с немецкого
210 Выходные данные 1_
a Место издания Москва
c Издательство Скорина
d Дата издания 1992
215 Физическое описание __
a Объем 300, [2] с.
d Формат 20 см
607 Географические рубрики __
a Географическое наименование Греция Древняя
x Тематический подзаголовок История
j Формальный подзаголовок Биографии
610 Ключевые слова 0_
a Ключевые слова Древняя Греция; история Греции в биографиях
686 Индексы других классификаций __
a Классификационный индекс 63.3(0)321-8
2 Код системы rubbk
700 Автор _1
a Фамилия Штолль
b Имя (инициалы) Г. В.
g Полное личное имя Генрих Вильгельм
f Даты 1819-1890
801 Источник записи _0
a Страна RU
b Организация Ульяновская ОНБ
c Дата составления 19930112
g Правила каталогизации RCR
801 Источник записи _1
a Страна RU
b Организация Ульяновская ОНБ
c Дата составления 20030122
g Правила каталогизации RCR
901 Тип документа __
t Тип документа m
910 Корректоры записи __
a Корректор записи Горбункова
b Дата внесения изменения в запись 20260427